Servei telefònic internacional
Descripción Física:
24 p. ; 22 cm
Materias:
Telèfon -- Guies
MARC
| LEADER | 00000nam a2200000Ia 4500 | ||
|---|---|---|---|
| 001 | 12290 | ||
| 008 | 160829s1977 xx 000 0 cat d | ||
| 080 | |a FU-13-40 | ||
| 245 | |a Servei telefònic internacional | ||
| 260 | |a Barcelona : |b (Imp. Casa Prov. de Caridad), |c 1977 | ||
| 300 | |a 24 p. ; |c 22 cm | ||
| 590 | |a A la coberta: Diputació Provincial de Barcelona | ||
| 650 | |a Telèfon |x Guies |9 21980 | ||
| 710 | 1 | |a Barcelona (Catalunya : Província). |b Diputació |9 52408 | |
| 901 | |a Arxiu | ||
| 942 | |n 1 | ||
| 952 | |0 0 |1 0 |4 0 |6 FU1340 |7 1 |9 41977 |a Arxiu |b Arxiu |d 2016-12-01 |l 0 |o FU-13-40 |p 12290 |r 2016-12-01 00:00:00 |w 2016-12-01 |y ARXIU | ||
| 999 | |c 44424 |d 44424 | ||